Piłkarze Lecha Poznań - nagła śmierć - Statystyki

Ogólne statystyki
  • Ten quiz został rozwiązany 162 razy
  • Średni wynik to 8 z 10
Answers on the Grid
Answers color-coded by a green-red scale on the quiz's grid according to % correct below.
Radosław Murawski
Leonardo Rocha
Antoni Kozubal
Mikael Ishak
Bartosz Kapustka
Rafał Augustyniak
Kamil Grosicki
Bartosz Mrozek
Angel Rodado
Afonso Sousa
Alex Douglas
Bartosz Salamon
Mateusz Skrzypczak
Filip Szymczak
Ali Gholizadeh
Kacper Trelowski
Gustav Berggren
Antonio Milić
 
Statystyki odpowiedzi
Odpowiedź % Poprawnych
Mikael Ishak
91%
Antoni Kozubal
86%
Bartosz Mrozek
86%
Radosław Murawski
85%
Afonso Sousa
82%
Bartosz Salamon
80%
Alex Douglas
75%
Ali Gholizadeh
66%
Filip Szymczak
61%
Antonio Milić
57%
Nie znaleziono quizów pasujących do podanych kryteriów
Rozkład punktacji
Procent ludzi z każdym wynikiem
Percentyl według liczby udzielonych odpowiedzi
Twoja historia wyników
Nie rozwiązałeś tego quizu